000 00671 a2200205 4500
010 _aENG-89586
020 _a8170262321
_c595.00
035 _aEN-73119
037 _bDBAD / PUB
082 1 4 _a954.09
090 _c11194
_d11194
100 1 _aMehta, Inder S.
245 1 _aColours of India/
_cby Inder S. Mehta
260 _aNew Delhi
_bHeritage Publishers
_c2008
270 _a19-A, Ansari Road, Darya Ganj,
_bNew Delhi
_cDelhi :
_e110 002
300 _axvi, 152p.:
_c23 cm ( Hb)
_bcol. photos
500 _aIncludes index
942 _adpl
_cEN
_k 954.09/ MEH
999 _c10888
_d10888